000 01155nam a22002057a 4500
999 _c6625
_d6625
003 AR-CdUCM
008 190318b ||||| |||| 00| 0 spa d
040 _aMUNICIPALIDAD PROVINCIAL DEL CUSCO
_cBIBLIOTECA MUNICIPAL DEL CUSCO
041 _hfr.
082 _a944.04 /
_bT43
100 _aThiers M. A.
_918637
245 _aHistoria de la revolución francesa /
260 _aMéxico :
_bEdit. Nacional Edinal,
_c1960.
300 _a12 tomos ;
_c17 cm.
505 _aContenido :t.1:Poderes otorgados a las municipalidades --t.2:Posición del Duque de Orleans --t.3:Asamblea constituyente --t.4:Asamblea cnstituyente --t.5:Sumision voluntaria de algunos diputados al decreto de junio --t.6:Persecuciones contra los sospechosos --t.7:Exito en Flandes --t.8:Holanda y España ofrecen la paz --t.9:Barras Nombrado General del ejercito del Interior --t.10:Constancia de Jourdan en Wurtzburgo --t.11:Ofertas hechas por lord Malmesbury en nombre de Inglaterra --t.12:Rapida reiterada de Scherer después de la batalla de Magnano /
650 _aRevolución francesa
_91606
700 _aLuis Guzman (traductor)
_918638
942 _2ddc
_cLIBROS
945 _arjall